Statistics for Largest Islands by population

Click here to take the quiz!

General Stats

  • This quiz has been taken 41 times
  • The average score is 16 of 20

Answer Stats

HintContinentAnswer% Correct
15North AmericaCuba
97%
3EuropeGreat Britain
97%
8AfricaMadagascar
97%
11AsiaBorneo
95%
2AsiaHonshu
95%
1AsiaJava
95%
7AsiaSri Lanka
95%
19AsiaHokkaido
92%
20EuropeIreland
92%
10North AmericaHispaniola
87%
5AsiaSumatra
87%
12AsiaSulawesi
84%
4AsiaLuzon
82%
18AsiaNew Guinea
82%
6AsiaTaiwan
82%
14AsiaKyushu
74%
9AsiaMindanao
71%
17North AmericaLong Island
61%
16AsiaHainan
53%
13AsiaSalsette
18%

Score Distribution

Percentile by Number Answered

Percent of People with Each Score

Your Score History

You have not taken this quiz